[Event "Titled Tue 17th Jun Late"]
[Site "chess.com INT"]
[Date "2025.06.17"]
[Round "4"]
[White "Ragger, Markus"]
[Black "Niemann, Hans Moke"]
[Result "0-1"]
[WhiteTitle "GM"]
[BlackTitle "GM"]
[WhiteElo "2566"]
[BlackElo "2736"]
[WhiteFideId "1610856"]
[BlackFideId "2093596"]
[EventDate "2025.06.17"]

1. d4 Nf6 2. c4 e6 3. Nf3 b6 4. g3 Bb7 5. Bg2 Be7 6. O-O O-O 7. d5 Na6 8. Nc3
Bb4 9. Bd2 Nc5 10. dxe6 fxe6 11. a3 Bxc3 12. Bxc3 Qe7 13. Qc2 Be4 14. Qd2 Nb3
15. Qe3 Nxa1 16. Rxa1 Bb7 17. Rd1 Rad8 18. h4 d6 19. Bh3 Rde8 20. Nd4 e5 21. Nf5
Qf7 22. Qg5 Kh8 23. f3 Bc8 24. Kh2 h6 25. Qd2 Qxc4 26. e4 Qf7 27. a4 Be6 28. a5
Ng8 29. axb6 axb6 30. Rf1 Bxf5 31. exf5 Nf6 32. f4 Ne4 33. Qd3 Nxc3 34. Qxc3
exf4 35. Rxf4 Re2+ 36. Bg2 Qd5 37. Rf3 Qd2 38. Qxd2 Rxd2 39. Rc3 Rxf5 40. Kh3 c5
41. Ra3 d5 42. Ra8+ Kh7 43. Rd8 Rff2 44. Bxd5 h5 45. Be4+ g6 0-1

[Event "Titled Tue 17th Jun Late"]
[Site "chess.com INT"]
[Date "2025.06.17"]
[Round "4"]
[White "Zlatin, Alexander"]
[Black "Matyakubov, Miraziz"]
[Result "0-1"]
[WhiteTitle "FM"]
[BlackTitle "CM"]
[WhiteElo "2313"]
[BlackElo "2278"]
[WhiteFideId "2810549"]
[BlackFideId "14215772"]
[EventDate "2025.06.17"]

1. e4 e5 2. Nf3 d6 3. Nc3 Nf6 4. d4 exd4 5. Nxd4 Be7 6. Be2 O-O 7. Be3 Nc6 8.
O-O Re8 9. f3 d5 10. Nxc6 bxc6 11. e5 Bb4 12. exf6 Rxe3 13. Qd4 Qd6 14. Na4 Rxe2
15. c3 Ba5 16. Rae1 Ba6 17. Rxe2 Bxe2 18. Re1 Bb5 19. fxg7 Bxa4 20. Qxa4 Bb6+
21. Kh1 Kxg7 22. Qh4 Qg6 23. a4 a5 24. Re5 h6 25. Qe1 Rd8 26. h4 Rd6 27. h5 Qf6
28. Qg3+ Kh7 29. Re8 Qg5 30. Qe1 Qxh5+ 31. Qh4 Qxh4# 0-1

[Event "Titled Tue 17th Jun Late"]
[Site "chess.com INT"]
[Date "2025.06.17"]
[Round "4"]
[White "Sitnic, Adnan"]
[Black "Ferriz Barrios, Andres"]
[Result "0-1"]
[WhiteTitle "CM"]
[BlackTitle "FM"]
[WhiteElo "2058"]
[BlackElo "2102"]
[WhiteFideId "14403854"]
[BlackFideId "5104467"]
[EventDate "2025.06.17"]

1. e4 e6 2. d4 d5 3. e5 c5 4. c3 Nc6 5. Nf3 Qb6 6. Be2 Bd7 7. O-O a5 8. a4 f6 9.
exf6 Nxf6 10. Bb5 cxd4 11. cxd4 Bd6 12. Nc3 O-O 13. Be3 Ng4 14. Qd2 Nxe3 15.
Qxe3 Bf4 16. Qd3 Rae8 17. g3 Bh6 18. Rfe1 Rxf3 19. Qxf3 Nxd4 20. Qd3 Bc6 21.
Bxc6 bxc6 22. Rad1 e5 23. Ne2 Ne6 24. b3 g6 25. Qc2 Rf8 26. Nc3 Nd4 27. Rxd4
exd4 28. Nd1 Bg7 29. Qd3 c5 30. Re7 Qf6 31. Rd7 Qe6 32. Ra7 Qe1+ 33. Kg2 Re8 34.
Rd7 Qe4+ 35. Qxe4 dxe4 36. Ra7 e3 37. fxe3 dxe3 38. Nxe3 Rxe3 39. Rxa5 Bd4 40.
Rb5 Rc3 41. a5 Rc2+ 0-1

[Event "Titled Tue 17th Jun Late"]
[Site "chess.com INT"]
[Date "2025.06.17"]
[Round "4"]
[White "Kadam, Om Manish"]
[Black "Bouchet, Sebastien"]
[Result "1-0"]
[WhiteTitle "FM"]
[BlackTitle "CM"]
[WhiteElo "2321"]
[BlackElo "2180"]
[WhiteFideId "45076294"]
[BlackFideId "623571"]
[EventDate "2025.06.17"]

1. Nf3 c5 2. g3 Nc6 3. c4 g6 4. Bg2 Bg7 5. O-O Nf6 6. Nc3 d5 7. cxd5 Nxd5 8.
Nxd5 Qxd5 9. d3 O-O 10. a3 e5 11. Qc2 Bg4 12. Be3 b6 13. Nxe5 Qxe5 14. Bxc6 Rac8
15. Bb7 Rb8 16. Bf4 Qxb2 17. Qxb2 Bxb2 18. Bxb8 Bxa1 19. Bxa7 Bb2 20. f3 Bh3 21.
Rb1 Bd4+ 22. Kh1 Re8 23. Be4 f5 24. Bd5+ Kg7 25. e4 fxe4 26. dxe4 Rf8 27. f4 g5
28. f5 Rd8 29. Bxb6 Rb8 30. a4 c4 31. Bxd4+ 1-0

[Event "Titled Tue 17th Jun Late"]
[Site "chess.com INT"]
[Date "2025.06.17"]
[Round "4"]
[White "Bluebaum, Matthias"]
[Black "Zilberstein, Dmitry"]
[Result "1-0"]
[WhiteTitle "GM"]
[BlackTitle "IM"]
[WhiteElo "2663"]
[BlackElo "2358"]
[WhiteFideId "24651516"]
[BlackFideId "2010739"]
[EventDate "2025.06.17"]

1. d4 d6 2. Nf3 Nf6 3. c4 g6 4. Nc3 Bf5 5. d5 Bg7 6. Nd4 Bd7 7. e4 c5 8. Nc2 e5
9. Be2 h5 10. O-O h4 11. f4 exf4 12. Bxf4 Qe7 13. Bf3 Nh5 14. Bxh5 Rxh5 15. h3
Na6 16. Qd2 Kf8 17. Rae1 Re8 18. Kh1 Kg8 19. Ne3 Nc7 20. Ng4 b5 21. e5 b4 22.
Ne4 dxe5 23. d6 Qe6 24. dxc7 f5 25. Nxc5 Qc6 26. Qxd7 Qxd7 27. Nxd7 fxg4 28.
hxg4 1-0

[Event "Titled Tue 17th Jun Late"]
[Site "chess.com INT"]
[Date "2025.06.17"]
[Round "4"]
[White "Steinberg, Nitzan"]
[Black "Holinka, Henning"]
[Result "1-0"]
[WhiteTitle "GM"]
[BlackTitle "FM"]
[WhiteElo "2554"]
[BlackElo "2303"]
[WhiteFideId "2801795"]
[BlackFideId "12967084"]
[EventDate "2025.06.17"]

1. Nf3 d5 2. d4 e6 3. Bf4 Bd6 4. e3 c5 5. Bg3 Qc7 6. Nbd2 Nd7 7. c4 cxd4 8. Nxd4
Bxg3 9. hxg3 Ngf6 10. Rc1 Qb6 11. cxd5 Nxd5 12. Nc4 Qb4+ 13. Qd2 Qxd2+ 14. Kxd2
Ke7 15. Bd3 h6 16. Rhd1 Rd8 17. Ke1 Nc5 18. Bb1 Bd7 19. Ne5 Rac8 20. Nf5+ exf5
21. Rxd5 b6 22. b4 Nd3+ 23. Nxd3 Be6 24. Rxd8 Rxd8 25. a3 Rd7 26. Ne5 Rd5 27.
Nc6+ 1-0

[Event "Titled Tue 17th Jun Late"]
[Site "chess.com INT"]
[Date "2025.06.17"]
[Round "4"]
[White "Thomforde-Toates, Noah"]
[Black "Baturin-Vinogradov, Miroslav"]
[Result "1-0"]
[BlackTitle "CM"]
[WhiteElo "2128"]
[BlackElo "2046"]
[WhiteFideId "30951992"]
[BlackFideId "55745741"]
[EventDate "2025.06.17"]

1. d4 d5 2. Nc3 Nf6 3. Bf4 c5 4. e4 dxe4 5. dxc5 Qa5 6. Qd4 Nc6 7. Bb5 Bd7 8.
Bxc6 Bxc6 9. O-O-O g6 10. f3 Bg7 11. Be5 O-O 12. Nge2 exf3 13. gxf3 Bxf3 14.
Rhe1 Rad8 15. Qc4 Rc8 16. Bd4 b6 17. Rd3 Bb7 18. Ng3 Ba6 19. Qb3 bxc5 20. Bxf6
c4 21. Rd5 Bxf6 22. Rxa5 cxb3 23. Rxa6 Bxc3 24. bxc3 Rxc3 25. axb3 Rfc8 26. Re2
Rxb3 27. Rxa7 e6 28. Ne4 Rb6 29. Rf2 1-0

[Event "Titled Tue 17th Jun Late"]
[Site "chess.com INT"]
[Date "2025.06.17"]
[Round "4"]
[White "Ali, Sebbar"]
[Black "Krishnakumar, Sriram"]
[Result "1-0"]
[WhiteTitle "IM"]
[BlackTitle "FM"]
[WhiteElo "2400"]
[BlackElo "2197"]
[WhiteFideId "8100977"]
[BlackFideId "30915856"]
[EventDate "2025.06.17"]

1. e4 e5 2. Nf3 Nc6 3. d4 exd4 4. Nxd4 Nf6 5. Nc3 Bb4 6. Nxc6 bxc6 7. Bd3 d5 8.
exd5 cxd5 9. O-O O-O 10. Bg5 c6 11. Qf3 Bd6 12. Rfe1 Rb8 13. Rab1 h6 14. Bh4 Be6
15. h3 Rb4 16. Bg3 c5 17. Bxd6 Qxd6 18. a3 Rb6 19. Bf5 Rfb8 20. b3 a5 21. Na4
R6b7 22. Bxe6 fxe6 23. Qe3 c4 24. Nc5 Rb6 25. Qxe6+ Qxe6 26. Rxe6 Rxe6 27. Nxe6
Ne4 28. Nd4 a4 29. b4 c3 30. b5 Nd2 31. Rb4 Rb6 32. Rxa4 Nc4 33. Ra8+ Kf7 34. a4
Nd6 35. a5 Rxb5 36. Nxb5 Nxb5 37. Rb8 Nd4 38. a6 Nxc2 39. a7 Nd4 40. a8=Q c2 41.
Qxd5+ Kf6 42. Qxd4+ 1-0

[Event "Titled Tue 17th Jun Late"]
[Site "chess.com INT"]
[Date "2025.06.17"]
[Round "4"]
[White "Moussard, Jules"]
[Black "Brady, Tyson"]
[Result "1-0"]
[WhiteTitle "GM"]
[BlackTitle "CM"]
[WhiteElo "2597"]
[BlackElo "2170"]
[WhiteFideId "642908"]
[BlackFideId "30970369"]
[EventDate "2025.06.17"]

1. e4 c5 2. d4 cxd4 3. Qxd4 Nc6 4. Qd3 Nf6 5. Nc3 g6 6. Nf3 d6 7. Be2 Bg7 8. O-O
O-O 9. Nd5 Be6 10. c3 Rc8 11. Bg5 Nd7 12. Rad1 h6 13. Bf4 Nc5 14. Qe3 Kh7 15.
Rfe1 Bg4 16. h3 Bxf3 17. Bxf3 Ne6 18. Bg3 b6 19. Be2 Na5 20. b3 Nc7 21. c4 Nc6
22. Bg4 Ne6 23. h4 h5 24. Bh3 Ne5 25. f4 Ng4 26. Bxg4 hxg4 27. f5 Nc5 28. Qe2 e6
29. Nf4 exf5 30. exf5 gxf5 31. Nh5 Ne4 32. Qf1 Qd7 33. Rxe4 fxe4 34. Qf6 Bxf6
35. Nxf6+ Kg6 36. Nxd7 Rfd8 37. Rxd6+ 1-0

[Event "Titled Tue 17th Jun Late"]
[Site "chess.com INT"]
[Date "2025.06.17"]
[Round "4"]
[White "Bulgak, Damir"]
[Black "Ahmad, Khagan"]
[Result "0-1"]
[WhiteTitle "CM"]
[BlackTitle "IM"]
[WhiteElo "2213"]
[BlackElo "2394"]
[WhiteFideId "13528882"]
[BlackFideId "13431552"]
[EventDate "2025.06.17"]

1. e4 c5 2. Nf3 d6 3. d4 cxd4 4. Nxd4 Nf6 5. Nc3 a6 6. Bg5 e6 7. f4 Qb6 8. Qd2
Qxb2 9. Rb1 Qa3 10. e5 dxe5 11. fxe5 h6 12. Bh4 Nd5 13. Ne4 Bb4 14. Rxb4 Qxb4
15. Nd6+ Kd7 16. Qxb4 Nxb4 17. Nc4 Nd5 18. Be2 Nc6 19. Nxc6 Kxc6 20. O-O f5 21.
exf6 gxf6 22. Bf3 Kc5 23. Nd2 b5 24. Ne4+ Kb6 25. Nxf6 Rf8 26. Bxd5 exd5 27.
Nxd5+ Kc5 28. Rxf8 Kxd5 29. Bg3 b4 30. Rf7 a5 31. Rc7 Bf5 32. Bf2 Ke6 33. Rc6+
Kf7 34. Rc5 Be4 35. Bd4 Rg8 36. g3 Rd8 37. Be3 Rd1+ 38. Kf2 Rh1 39. Rxa5 Rxh2+
40. Ke1 Rxc2 41. Rb5 Bd3 42. Bd4 Bxb5 0-1

[Event "Titled Tue 17th Jun Late"]
[Site "chess.com INT"]
[Date "2025.06.17"]
[Round "4"]
[White "Atis, Hasan"]
[Black "Mayaud, Raphael"]
[Result "1-0"]
[WhiteTitle "CM"]
[BlackTitle "CM"]
[WhiteElo "2089"]
[BlackElo "2126"]
[WhiteFideId "44598017"]
[BlackFideId "627151"]
[EventDate "2025.06.17"]

1. d4 d5 2. c4 c6 3. cxd5 cxd5 4. Nf3 Nf6 5. Nc3 Nc6 6. g3 Bf5 7. Bg2 e6 8. O-O
Be7 9. Bf4 O-O 10. Qb3 b6 11. Qa4 Qd7 12. Rac1 Rfc8 13. Ne5 Nxe5 14. Bxe5 Qxa4
15. Nxa4 Nd7 16. Bf4 b5 17. Nc3 a6 18. e4 dxe4 19. Nxe4 Nb6 20. Nd6 Rxc1 21.
Rxc1 Rd8 22. Nxf5 exf5 23. Bc7 Rc8 24. Bb7 1-0

[Event "Titled Tue 17th Jun Late"]
[Site "chess.com INT"]
[Date "2025.06.17"]
[Round "4"]
[White "Wu, William"]
[Black "Hartge, Gedeon"]
[Result "1-0"]
[BlackTitle "FM"]
[WhiteElo "1998"]
[BlackElo "2328"]
[WhiteFideId "39940411"]
[BlackFideId "12932116"]
[EventDate "2025.06.17"]

1. e4 c5 2. Nf3 e6 3. d4 cxd4 4. Nxd4 a6 5. g3 b5 6. Bg2 Bb7 7. O-O Nc6 8. b3
Nf6 9. Bb2 Qc7 10. Re1 Bc5 11. e5 Ng8 12. Nxc6 Bxc6 13. Bxc6 dxc6 14. Nc3 Nh6
15. Ne4 Be7 16. Nd6+ Kf8 17. Qh5 Rd8 18. Rad1 b4 19. Bc1 Bxd6 20. exd6 Rxd6 21.
Bf4 Rxd1 22. Rxd1 e5 23. Bxe5 Qc8 24. Bxg7+ Kxg7 25. Qg5+ Kf8 26. Rd8+ Qxd8 27.
Qxd8+ Kg7 28. Qg5+ 1-0

[Event "Titled Tue 17th Jun Late"]
[Site "chess.com INT"]
[Date "2025.06.17"]
[Round "4"]
[White "Dylag, Emilia"]
[Black "Yin, Evan"]
[Result "0-1"]
[WhiteTitle "WFM"]
[WhiteElo "2086"]
[BlackElo "2142"]
[WhiteFideId "21805172"]
[BlackFideId "30953111"]
[EventDate "2025.06.17"]

1. e4 e5 2. Nf3 Nc6 3. Bc4 Nf6 4. d4 exd4 5. e5 d5 6. Bb5 Ne4 7. Nxd4 Bd7 8.
Bxc6 bxc6 9. O-O Be7 10. f3 Nc5 11. c3 O-O 12. f4 f6 13. exf6 Bxf6 14. Be3 Qe7
15. Qf3 Rae8 16. Bf2 Ne4 17. Na3 Nd2 18. Qd3 Nxf1 19. Rxf1 c5 20. Nf3 c6 21. Qa6
Rb8 22. Qa5 d4 23. Nc4 Be6 24. Re1 Qf7 25. Qxc5 Bxc4 26. Ne5 Bxe5 27. Rxe5 Bd5 0-1

[Event "Titled Tue 17th Jun Late"]
[Site "chess.com INT"]
[Date "2025.06.17"]
[Round "4"]
[White "Muradli, Mahammad"]
[Black "Nurgaliyeva, Zarina"]
[Result "1-0"]
[WhiteTitle "GM"]
[BlackTitle "WFM"]
[WhiteElo "2609"]
[BlackElo "2252"]
[WhiteFideId "13409301"]
[BlackFideId "13730096"]
[EventDate "2025.06.17"]

1. b3 e5 2. Bb2 Nc6 3. e3 Nf6 4. Nf3 d6 5. d4 exd4 6. Nxd4 Be7 7. Nc3 O-O 8.
Nxc6 bxc6 9. Bd3 Bb7 10. Qf3 Rb8 11. O-O-O c5 12. Qh3 h6 13. Rhg1 Re8 14. g4 Nd7
15. f4 Nf8 16. g5 hxg5 17. Qh5 Bf6 18. fxg5 Be5 19. g6 fxg6 20. Rxg6 Nxg6 21.
Bxg6 Qf6 22. Bxe8 Bf3 23. Qf7+ Kh8 24. Qxf6 Bxf6 25. Rf1 Bg2 26. Rf2 Rxe8 27.
Rxg2 Rxe3 28. Nd5 1-0

[Event "Titled Tue 17th Jun Late"]
[Site "chess.com INT"]
[Date "2025.06.17"]
[Round "4"]
[White "Melillo, Lucius"]
[Black "Fernandez Siles, Luis"]
[Result "1-0"]
[WhiteTitle "FM"]
[BlackTitle "FM"]
[WhiteElo "2170"]
[BlackElo "2170"]
[WhiteFideId "30958245"]
[BlackFideId "2209420"]
[EventDate "2025.06.17"]

1. d4 Nf6 2. Nc3 d5 3. Bf4 c5 4. e3 cxd4 5. exd4 Nc6 6. Nb5 e5 7. dxe5 Ne4 8.
Qxd5 Qa5+ 9. c3 Bf5 10. O-O-O Rd8 11. Nd6+ Rxd6 12. exd6 Qxd5 13. Rxd5 Be6 14.
Rd2 Nxd2 15. Kxd2 Kd7 16. Nf3 Bxd6 17. Bxd6 Kxd6 18. b3 Rd8 19. Bd3 f6 20. Re1
g6 21. Kc2 Bg4 22. Nd2 Rf8 23. Ne4+ Kd7 24. f3 Be6 25. Nc5+ 1-0

[Event "Titled Tue 17th Jun Late"]
[Site "chess.com INT"]
[Date "2025.06.17"]
[Round "4"]
[White "Gubajdullin, Alexei"]
[Black "Karas, Eugenia"]
[Result "1-0"]
[WhiteTitle "FM"]
[BlackTitle "WFM"]
[WhiteElo "2233"]
[BlackElo "2124"]
[WhiteFideId "4141202"]
[BlackFideId "463485"]
[EventDate "2025.06.17"]

1. d4 Nf6 2. Nf3 b6 3. Bf4 Bb7 4. e3 e6 5. h3 Be7 6. Be2 d5 7. Nbd2 O-O 8. Ne5
Nbd7 9. a4 c5 10. a5 cxd4 11. exd4 Nxe5 12. Bxe5 bxa5 13. Nb3 Bc6 14. O-O a4 15.
Nc5 Bxc5 16. dxc5 Ne4 17. b4 axb3 18. cxb3 Nxc5 19. Rc1 Qe7 20. Bd4 Ne4 21. Rxc6
e5 22. Bb2 d4 23. Bc4 Qd7 24. Ra6 Nc5 25. Ra5 Qc7 26. Qe1 Rfd8 27. Ba3 Ne4 28.
Bd5 Nc3 29. Rc5 Qb6 30. Bxa8 Rxa8 31. Rxe5 h6 32. Bc5 Qxb3 33. Bxd4 1-0

[Event "Titled Tue 17th Jun Late"]
[Site "chess.com INT"]
[Date "2025.06.17"]
[Round "4"]
[White "Hadzovic, Amir"]
[Black "Lazaro Azcutia, Miguel"]
[Result "0-1"]
[WhiteTitle "FM"]
[BlackTitle "CM"]
[WhiteElo "2354"]
[BlackElo "2275"]
[WhiteFideId "14402300"]
[BlackFideId "54538254"]
[EventDate "2025.06.17"]

1. e4 e5 2. Nc3 Nf6 3. f4 d5 4. fxe5 Nxe4 5. Qf3 Nxc3 6. bxc3 Be7 7. d4 c5 8.
Bd3 Nc6 9. Ne2 O-O 10. O-O Be6 11. Nf4 cxd4 12. Qh5 g6 13. Nxg6 fxg6 14. Bxg6
Rxf1+ 15. Kxf1 Qf8+ 16. Kg1 Qg7 17. Bd3 dxc3 18. h3 Bf7 19. Qf3 Nxe5 20. Qe2 Rc8
21. Bf5 Bc5+ 22. Kh1 Re8 23. Qb5 Bb6 24. Bf4 Ng6 25. Bh2 Nh4 26. Bg4 h5 27. Bg3
hxg4 28. Bxh4 gxh3 29. gxh3 Qg6 30. Rg1 Qxg1# 0-1

[Event "Titled Tue 17th Jun Late"]
[Site "chess.com INT"]
[Date "2025.06.17"]
[Round "4"]
[White "Powell, Paul"]
[Black "Gattani, Sarthak"]
[Result "0-1"]
[WhiteTitle "CM"]
[WhiteElo "2270"]
[BlackElo "1944"]
[WhiteFideId "2005840"]
[BlackFideId "30995965"]
[EventDate "2025.06.17"]

1. d4 d5 2. Nf3 Nf6 3. Bf4 c5 4. e3 Nc6 5. Nbd2 cxd4 6. exd4 Bf5 7. c3 e6 8. Bb5
Bd6 9. Ne5 Rc8 10. Qa4 O-O 11. Ndf3 Bxe5 12. Nxe5 Qb6 13. O-O Nxe5 14. dxe5 Ne4
15. Be3 Nc5 16. Qb4 a6 17. Be2 Qxb4 18. cxb4 Nd7 19. f4 Rc2 20. Bf3 Rxb2 21.
Rac1 Bc2 22. Rf2 Rc8 23. Bd1 d4 24. Bxd4 Rb1 25. Rfxc2 Rxc1 26. Rxc8+ Rxc8 27.
Bf3 b6 28. Kf2 Rc2+ 29. Ke3 Rxa2 30. Bc6 Nb8 31. Be4 Ra3+ 32. Ke2 Rb3 33. b5
Rxb5 34. Bd3 Rb4 35. Bc3 Rxf4 0-1

[Event "Titled Tue 17th Jun Late"]
[Site "chess.com INT"]
[Date "2025.06.17"]
[Round "4"]
[White "Uzuner, Tufan Can"]
[Black "Venkatesh, Narayan"]
[Result "1-0"]
[WhiteTitle "CM"]
[BlackTitle "FM"]
[WhiteElo "1909"]
[BlackElo "2168"]
[WhiteFideId "6300499"]
[BlackFideId "30987881"]
[EventDate "2025.06.17"]

1. d4 Nc6 2. Nf3 d6 3. d5 Ne5 4. Nxe5 dxe5 5. e4 g6 6. h4 Bg7 7. h5 e6 8. c4
exd5 9. cxd5 Qd6 10. Nc3 Bd7 11. Bg5 f6 12. Be3 a6 13. Be2 Ne7 14. h6 Bf8 15.
Rc1 O-O-O 16. O-O f5 17. f3 f4 18. Bf2 Bxh6 19. Na4 Qf6 20. Nc5 g5 21. Qb3 Qb6
22. Qxb6 cxb6 23. Ne6+ Kb8 24. Nxd8 Rxd8 25. Bxb6 Re8 26. Bc7+ Ka8 27. Rc2 Bf8
28. Rfc1 Nc8 29. Bxe5 Rxe5 30. Rxc8+ 1-0

[Event "Titled Tue 17th Jun Late"]
[Site "chess.com INT"]
[Date "2025.06.17"]
[Round "4"]
[White "Maghsoodloo, Parham"]
[Black "George, Kevin"]
[Result "1-0"]
[WhiteTitle "GM"]
[BlackTitle "IM"]
[WhiteElo "2691"]
[BlackElo "2327"]
[WhiteFideId "12539929"]
[BlackFideId "10669515"]
[EventDate "2025.06.17"]

1. c4 c6 2. Nf3 d5 3. b3 Nf6 4. g3 Bf5 5. Bg2 e6 6. O-O Nbd7 7. h3 h6 8. Bb2 Be7
9. d3 O-O 10. Nbd2 Re8 11. a3 a5 12. Rc1 Rc8 13. Rc2 Qc7 14. Qa1 Bd6 15. cxd5
exd5 16. Nd4 Bg6 17. Nb5 Qb8 18. Nxd6 Qxd6 19. Nf3 c5 20. Rfc1 b6 21. b4 axb4
22. axb4 c4 23. Qa4 b5 24. Qa3 Nb6 25. Bd4 Ra8 26. Qc3 Na4 27. Qd2 Re6 28. Ra2
Rae8 29. Bf1 Nd7 30. Ba1 Ndb6 31. Nd4 R6e7 32. Nxb5 Qe6 33. Nd4 Qd7 34. b5 Nc5
35. Qb4 Qd6 36. Nc6 Rc7 37. Bd4 Nbd7 38. dxc4 dxc4 39. Rxc4 Qd5 40. Bxc5 Qd1 41.
Rd2 Qa1 42. Bd4 Qa8 43. Qc3 Rcc8 44. Bxg7 Nb6 45. Bxh6 f6 46. Qxf6 1-0

[Event "Titled Tue 17th Jun Late"]
[Site "chess.com INT"]
[Date "2025.06.17"]
[Round "4"]
[White "Mata Gonzalez, Jose Fernando"]
[Black "Rogov, Matfey"]
[Result "0-1"]
[WhiteTitle "CM"]
[BlackTitle "FM"]
[WhiteElo "2164"]
[BlackElo "2348"]
[WhiteFideId "5107423"]
[BlackFideId "44191308"]
[EventDate "2025.06.17"]

1. e4 e5 2. Nf3 Nc6 3. Bc4 Bc5 4. c3 Nf6 5. d3 d6 6. Bb3 a5 7. h3 h6 8. Nbd2 Be6
9. Bc2 d5 10. Qe2 Qd7 11. Nf1 dxe4 12. dxe4 O-O-O 13. Be3 Qe7 14. a4 g5 15. Qb5
Nd7 16. Rd1 Bb6 17. Ng3 Bxe3 18. fxe3 Qc5 19. Kf2 Qe7 20. Rd2 h5 21. Rhd1 g4 22.
hxg4 hxg4 23. Ng1 Qh4 24. b4 Rh6 25. Ne2 Rf6+ 26. Kg1 Rh8 27. Nf4 exf4 28. e5
fxg3 29. exf6 Qh1# 0-1

[Event "Titled Tue 17th Jun Late"]
[Site "chess.com INT"]
[Date "2025.06.17"]
[Round "4"]
[White "Salonen, Aku"]
[Black "Kjaergaard-Jensen, Jesper"]
[Result "1-0"]
[WhiteTitle "FM"]
[BlackTitle "CM"]
[WhiteElo "2330"]
[BlackElo "2081"]
[WhiteFideId "517577"]
[BlackFideId "1406990"]
[EventDate "2025.06.17"]

1. d4 Nf6 2. c4 d6 3. Nf3 Nbd7 4. g3 e5 5. Bg2 c6 6. O-O Qc7 7. Nc3 Be7 8. d5
cxd5 9. cxd5 a6 10. a4 O-O 11. e4 Qa5 12. Nd2 Nc5 13. Rb1 Qb4 14. Qc2 Bd7 15. b3
Rac8 16. Na2 Qd4 17. Nc4 Nxb3 18. Qxb3 Qxc4 19. Qxc4 Rxc4 20. Rxb7 Rfc8 21. Bg5
R4c7 22. Rfb1 Bxa4 23. Rxc7 1-0

[Event "Titled Tue 17th Jun Late"]
[Site "chess.com INT"]
[Date "2025.06.17"]
[Round "4"]
[White "Nita, Lucian"]
[Black "Rosenbecker, Daniel"]
[Result "1-0"]
[BlackTitle "CM"]
[WhiteElo "2143"]
[BlackElo "2109"]
[WhiteFideId "1206923"]
[BlackFideId "1718959"]
[EventDate "2025.06.17"]

1. e4 e6 2. d3 d5 3. Nd2 Nf6 4. Ngf3 c5 5. Be2 Nc6 6. O-O Be7 7. c3 O-O 8. e5
Nd7 9. d4 Qb6 10. Nb3 a5 11. Rb1 a4 12. Na1 f6 13. exf6 Nxf6 14. dxc5 Bxc5 15.
Nc2 Ng4 16. Nfd4 e5 17. Bxg4 exd4 18. Bxc8 d3 19. Be6+ Kh8 20. Qxd3 Bxf2+ 21.
Kh1 Ne5 22. Qxd5 Ng4 23. Bxg4 Rad8 24. Qe6 Bc5 25. Rxf8+ Rxf8 26. Be3 Qc7 27.
Bxc5 Qxc5 28. Qe3 Qc6 29. Bf3 Qg6 30. Qe4 Qh6 31. h3 Qd2 32. Rd1 Qf2 33. Qe2 Qc5
34. Nd4 h6 35. Ne6 1-0

[Event "Titled Tue 17th Jun Late"]
[Site "chess.com INT"]
[Date "2025.06.17"]
[Round "4"]
[White "Perez Rojas, Jorge"]
[Black "Kharitonov, Sergei"]
[Result "1-0"]
[WhiteTitle "FM"]
[BlackTitle "CM"]
[WhiteElo "2100"]
[BlackElo "2014"]
[WhiteFideId "3452093"]
[BlackFideId "4129750"]
[EventDate "2025.06.17"]

1. e4 c5 2. Nf3 d6 3. d4 cxd4 4. Nxd4 Nf6 5. Nc3 a6 6. Be3 e5 7. Nf3 Qc7 8. Bg5
Nbd7 9. a4 b6 10. Bd3 Bb7 11. O-O Be7 12. Re1 Rc8 13. Qe2 Nc5 14. Rad1 h6 15.
Bc1 Nxd3 16. cxd3 Qd7 17. d4 exd4 18. Nxd4 g6 19. e5 dxe5 20. Qxe5 Kf8 21. Nc6
Qxc6 22. Qxe7+ Kg7 23. f3 Rhe8 24. Qb4 Rxe1+ 25. Rxe1 Rc7 26. Bf4 Qc5+ 27. Qxc5
Rxc5 28. Be3 Rc6 29. Bd4 Kh7 30. Re7 Bc8 31. Rxf7+ Kg8 32. Rxf6 Rc4 33. Bxb6 Bf5
34. Be3 h5 35. Kf2 a5 36. Ra6 Rb4 37. Bc1 h4 38. Rxa5 h3 39. g4 1-0

[Event "Titled Tue 17th Jun Late"]
[Site "chess.com INT"]
[Date "2025.06.17"]
[Round "4"]
[White "Cornelisse, Lorelei"]
[Black "Yang, Daniel"]
[Result "0-1"]
[WhiteTitle "WFM"]
[BlackTitle "CM"]
[WhiteElo "2138"]
[BlackElo "2198"]
[WhiteFideId "1087177"]
[BlackFideId "30976340"]
[EventDate "2025.06.17"]

1. d4 Nf6 2. Nc3 d5 3. Bf4 e6 4. Nb5 Na6 5. e3 c6 6. Nc3 Nc7 7. Nf3 Bd6 8. Bxd6
Qxd6 9. Bd3 O-O 10. Ne5 c5 11. f4 c4 12. Be2 b5 13. O-O b4 14. Nb1 Ne4 15. Nd2
Nxd2 16. Qxd2 f6 17. Nf3 a5 18. a3 Bd7 19. h3 Nb5 20. a4 Na7 21. b3 Rac8 22.
Rac1 Rc7 23. g4 Rfc8 24. bxc4 dxc4 25. e4 Bxa4 26. e5 fxe5 27. fxe5 Qd5 28. Ng5
Nc6 29. Rcd1 Rd7 30. Qf4 Nxd4 31. Kh2 Nxe2 32. Rxd5 Nxf4 33. Rxd7 Bxd7 34. Rxf4
b3 35. cxb3 cxb3 36. Rd4 b2 37. Rxd7 b1=Q 38. Nxe6 Qa2+ 0-1

[Event "Titled Tue 17th Jun Late"]
[Site "chess.com INT"]
[Date "2025.06.17"]
[Round "4"]
[White "Bratovic, Blaz"]
[Black "Krawczyk, Flawian"]
[Result "0-1"]
[WhiteTitle "IM"]
[BlackTitle "CM"]
[WhiteElo "2319"]
[BlackElo "2247"]
[WhiteFideId "14603551"]
[BlackFideId "21881413"]
[EventDate "2025.06.17"]

1. e4 c5 2. Nf3 d6 3. d4 cxd4 4. Nxd4 Nf6 5. Nc3 a6 6. Bg5 Nbd7 7. Bc4 Qb6 8.
Bb3 e6 9. O-O Nc5 10. Bxf6 gxf6 11. Kh1 Be7 12. f4 Bd7 13. f5 O-O-O 14. Bd5 Qxb2
15. Rf3 Qb6 16. Rb1 Qc7 17. Nb3 Bc6 18. fxe6 fxe6 19. Nxc5 dxc5 20. Bxe6+ Kb8
21. Bd5 Qe5 22. Qe2 Bd6 23. g3 Bxd5 24. Nxd5 Ka7 25. Rxb7+ Kxb7 26. Rb3+ Kc8 27.
Qxa6+ Kd7 28. Rb7+ Ke8 29. Qb5+ Kf8 30. Qb6 Qxe4+ 31. Kg1 Qd4+ 32. Kf1 Qd1+ 33.
Kf2 Qxc2+ 34. Kf1 Qf5+ 35. Kg1 Rd7 36. Rb8+ Kg7 37. Rxh8 Kxh8 38. Qc6 Kg7 0-1